000 01978cam a22004694i 4500
003 PE-LiUPU
005 20250731173521.0
008 150710s1992 ilu r 000 0 eng d
020 _a0830813772
035 _a(Sirsi) i9780830813773
040 _aPE-LiUPU
_bspa
_cPE-LiUPU
_erda
049 _aPRUA
082 0 4 _a253.7
_bA75
_221
100 1 _aArnold, Jeffrey,
_eautor.
245 1 4 _aThe Big Book on Small Groups /
_cJeffrey Arnold.
264 1 _aIllinois :
_bInterVarsity Press,
_c1992.
300 _a264 páginas ;
_c23 centímetros
336 _atext
_2rdacontent
337 _aunmediated
_2rdamedia
338 _avolume
_2rdacarrier
505 0 _aMaking Disciples Through Small Groups -- Building the Church Through Samll Groups -- The Basics of Small group Ministry -- Becoming a Leader -- The Building Blocks of community -- A Caring Community -- A Dynamic Community -- A Worshiping Community -- A Praying Community -- A Mission-Orientes community -- Structuring your Ministry.
526 _aSEG42
526 _aSEG41
526 _aSEG40
526 _aSEG39
526 _aP94
526 _aP87
526 _aP86
526 _aP85
526 _aP77
526 _aP76
526 _aP35
650 0 4 _aPequeños grupos.
942 _2ddc
_cBOOK
949 _a253.7 A75
_wDEWEY
_c1
_i41877
_lCCODEBUL1
_mBUL
_r0
_sY
_tBOOK
_u2015-7-10
_xTEOLOGIA
_PP35
_0COMPRA
_o.STAFF. Colección General
949 _a253.7 A75
_wDEWEY
_c2
_i43726
_lCCODEBUL1
_mBUL
_r0
_sY
_tBOOK
_u2015-6-24
_xTEOLOGIA
_PP35
_0COMPRA
_o.STAFF. Colección General
994 _aC0
_bPEPRU
596 _a1
999 _a253.7 A75
_wDEWEY
_c59640
_i41877
_f2021-11-10
_g5
_lCCODEBUL1
_mBUL
_p14.12
_r0
_sY
_tBOOK
_u2015-7-10
_xTEOLOGIA
_PP35
_0COMPRA
_o.STAFF. Colección Teología
_d59640
999 _a253.7 A75
_wDEWEY
_c2
_i43726
_f2021-11-10
_g5
_lCCODEBUL1
_mBUL
_p14.12
_r0
_sY
_tBOOK
_u2015-6-24
_xTEOLOGIA
_PP35
_0COMPRA
_o.STAFF. Colección Teología
980 _81
_gALBERTO SANCHEZ Responsable de Automatización